<?xml version="1.0" encoding="UTF-8"?>
<collection xmlns="http://www.loc.gov/MARC21/slim">
<record>
  <controlfield tag="001">117302</controlfield>
  <controlfield tag="005">20220701142504.0</controlfield>
  <datafield tag="037" ind1=" " ind2=" ">
    <subfield code="a">TESIS-2022-103</subfield>
  </datafield>
  <datafield tag="041" ind1=" " ind2=" ">
    <subfield code="a">spa</subfield>
  </datafield>
  <datafield tag="100" ind1="1" ind2=" ">
    <subfield code="a">Martín Ruiz, Nuria</subfield>
  </datafield>
  <datafield tag="245" ind1="0" ind2="0">
    <subfield code="a">Actualización de la estrategia de detección de hipoglucemia neonatal precoz. Estudio de factores de riesgo y sistemas de detección.</subfield>
  </datafield>
  <datafield tag="260" ind1=" " ind2=" ">
    <subfield code="a">Zaragoza</subfield>
    <subfield code="b">Universidad de Zaragoza, Prensas de la Universidad</subfield>
    <subfield code="c">2020</subfield>
  </datafield>
  <datafield tag="300" ind1=" " ind2=" ">
    <subfield code="a">274</subfield>
  </datafield>
  <datafield tag="490" ind1="0" ind2=" ">
    <subfield code="a">Tesis de la Universidad de Zaragoza</subfield>
    <subfield code="x">2254-7606</subfield>
    <subfield code="v">2022-40</subfield>
  </datafield>
  <datafield tag="500" ind1=" " ind2=" ">
    <subfield code="a">Presentado:  18 12 2020</subfield>
  </datafield>
  <datafield tag="502" ind1=" " ind2=" ">
    <subfield code="a">Tesis-Univ. Zaragoza,  , 2020</subfield>
    <subfield code="b">Zaragoza, Universidad de Zaragoza</subfield>
    <subfield code="c">2020</subfield>
  </datafield>
  <datafield tag="520" ind1=" " ind2=" ">
    <subfield code="a">Introducción y objetivos: La hipoglucemia es una de las alteraciones metabólicas más frecuentes en el neonato. A pesar de la gran cantidad de literatura sobre este tema, persisten muchas controversias respecto a la definición, el método y el lugar de obtención de la muestra, la sintomatología, el significado de la hipoglucemia asintomática, las indicaciones del tratamiento y su posible efecto en el neurodesarrollo. El objetivo del estudio es presentar la situación actual en torno a la forma de detección de hipoglucemia neonatal, y valorar los principales factores y circunstancias ambientales implicados en el desarrollo de hipoglucemia neonatal precoz.&lt;br />Material y Métodos: El estudio se dividió en tres fases: 1: Cuestionario on-line sobre el uso de glucómetros en neonatos y dispositivos más utilizados. Participaron 75 centros a nivel nacional. 2: Estudio de cohortes para la valoración de la idoneidad del actual protocolo de despistaje de hipoglucemia. 3: Estudio casos-control prospectivo, para detectar los factores de riesgo principales de hipoglucemia neonatal precoz en el neonato de más de 33 semanas de edad gestacional. &lt;br />Resultados: Los glucómetros portátiles siguen teniendo un uso generalizado en la población neonatal. Más del 75% de las unidades realizan despistaje de hipoglucemia neonatal en circunstancias clínicas concretas, 13% de los centros lo continúan realizando a todos los recién nacidos de las Unidades Neonatales. Prenatalmente, los factores con mayor influencia en el desarrollo de hipoglucemia neonatal son la diabetes gestacional con mal control glucémico, la gemelaridad y la edad gestacional. La presencia de líquido amniótico meconial y el nacimiento por cesárea programada se asocian a mayor probabilidad de hipoglucemia. Postnatalmente, el contacto precoz piel con piel, la succión al pecho, la iluminación tenue y la normotermia se describen como factores protectores. Analíticamente, los valores de glucemia y de exceso de bases al nacimiento muestran diferencias estadísticamente significativas entre ambos grupos. El modelo predictivo que combina tipo de iluminación, temperatura corporal y cifra de exceso de bases clasifica correctamente al 98% de los casos, con un R2 de Nagelkerke de 0,645 y especificad del 99,5%.&lt;br />Conclusiones: Se observa que existen diferencias en la realización del despistaje de hipoglucemia neonatal, por lo que consensuar procedimientos y acotar la población neonatal de mayor riesgo, es de gran importancia, para disminuir la variabilidad en la práctica clínica y mejorar la asistencia neonatal. Se observa que los factores postnatales ambientales tienen una influencia directa e independiente en el desarrollo de hipoglucemia precoz, por lo que el apoyo a la unión maternofilial y a la lactancia materna es fundamental. Se han diseñado varios modelos predictivos sencillos, que combinando variables pre y postnatales, presentan alta especificidad, lo que permite una fácil clasificación de los neonatos que no son subsidiarios a presentar hipoglucemia, evitando molestias innecesarias al neonato.&lt;br /></subfield>
  </datafield>
  <datafield tag="506" ind1=" " ind2=" ">
    <subfield code="a">by-nc-nd</subfield>
    <subfield code="b">Creative Commons</subfield>
    <subfield code="c">3.0</subfield>
    <subfield code="u">http://creativecommons.org/licenses/by-nc-nd/3.0/es</subfield>
  </datafield>
  <datafield tag="520" ind1=" " ind2=" ">
    <subfield code="a">&lt;br /></subfield>
  </datafield>
  <datafield tag="521" ind1=" " ind2=" ">
    <subfield code="9">7085</subfield>
    <subfield code="a">Programa de Doctorado en Medicina</subfield>
  </datafield>
  <datafield tag="653" ind1="1" ind2=" ">
    <subfield code="a">ciencias medicas</subfield>
  </datafield>
  <datafield tag="653" ind1="1" ind2=" ">
    <subfield code="a">pediatria</subfield>
  </datafield>
  <datafield tag="653" ind1="1" ind2=" ">
    <subfield code="a">endocrinologia</subfield>
  </datafield>
  <datafield tag="653" ind1="1" ind2=" ">
    <subfield code="a">metabolismo energetico</subfield>
  </datafield>
  <datafield tag="700" ind1=" " ind2=" ">
    <subfield code="a">García Íñiguez, Juan Pablo </subfield>
    <subfield code="e">dir.</subfield>
  </datafield>
  <datafield tag="700" ind1=" " ind2=" ">
    <subfield code="a">Rite Gracia, Segundo </subfield>
    <subfield code="e">dir.</subfield>
  </datafield>
  <datafield tag="710" ind1="2" ind2=" ">
    <subfield code="a">Universidad de Zaragoza</subfield>
    <subfield code="b"> </subfield>
  </datafield>
  <datafield tag="830" ind1=" " ind2=" ">
    <subfield code="9">497</subfield>
  </datafield>
  <datafield tag="856" ind1="0" ind2=" ">
    <subfield code="f">cdeurop@unizar.es</subfield>
  </datafield>
  <datafield tag="856" ind1="4" ind2=" ">
    <subfield code="u">http://zaguan.unizar.es/record/117302/files/TESIS-2022-103.pdf</subfield>
    <subfield code="z">Texto completo (spa)</subfield>
    <subfield code="s">3346326</subfield>
  </datafield>
  <datafield tag="856" ind1="4" ind2=" ">
    <subfield code="s">172586</subfield>
    <subfield code="u">http://zaguan.unizar.es/record/117302/files/TESIS-2022-103_FE%20DE%20ERRATAS.pdf</subfield>
    <subfield code="z">PDF</subfield>
  </datafield>
  <datafield tag="909" ind1="C" ind2="O">
    <subfield code="o">oai:zaguan.unizar.es:117302</subfield>
    <subfield code="p">driver</subfield>
    <subfield code="p">tesis</subfield>
  </datafield>
  <datafield tag="910" ind1="2" ind2=" ">
    <subfield code="a"></subfield>
    <subfield code="b"> </subfield>
  </datafield>
  <datafield tag="980" ind1=" " ind2=" ">
    <subfield code="a">TESIS</subfield>
  </datafield>
</record>
</collection>